000 00768nam a22002057a 4500
999 _c4251
_d4251
003 AR-CdUCM
008 190308b ||||| |||| 00| 0 spa d
040 _aMUNICIPALIDAD PROVINCIAL DEL CUSCO
_cBIBLIOTECA MUNICIPAL DEL CUSCO
082 _a869.56 /
_bOR73
100 _aOrtega, Julio
_95562
245 _aFiguración de la persona /
260 _aEspaña :
_bEdhasa,
_c1971.
300 _a324 paginas ;
_c21 cm.
505 _aContenido :Heraldos la poética de la persona confesional -- Trilce cuestionamiéntos de la persona -- Jose Maria Eguren -- Cesar Moro -- Un poema de Octavio Paz ...
650 _aLiteratura española
_9362
650 _aLiteratura del siglo xx
_97647
650 _aNarraciones españolas
_913443
942 _2ddc
_cLIBROS
945 _arum